| 000 | 00463nam a2200181Ia 4500 | ||
|---|---|---|---|
| 008 | 230524s9999 xx 000 0 und d | ||
| 020 | _a9780070611900 | ||
| 082 |
_a658.55 _bHAV |
||
| 100 | _aKrishna K Havaldar | ||
| 245 | 0 | _aSales and Distribution Management: Text and Cases | |
| 250 | _aIST | ||
| 260 |
_aNEW DELHI _bTMH _c2008 |
||
| 300 | _aXX;16.1 | ||
| 500 | _aQuantity Number: 8 | ||
| 650 | _aManagement | ||
| 700 | _a Vasant M Cavale | ||
| 942 | _cBK | ||
| 999 |
_c45669 _d45669 |
||